| 000 | 01591cam a2200325 a 4500 | ||
|---|---|---|---|
| 001 | 15932983 | ||
| 005 | 20100727115353.0 | ||
| 008 | 091005s2010 nyub b 001 0 eng | ||
| 010 | _a 2009041615 | ||
| 020 | _a0230102425 (alk. paper) | ||
| 020 | _a9780230102422 (alk. paper) | ||
| 035 | _a(OCoLC)ocn437300374 | ||
| 040 |
_aDLC _cDLC _dYDX _dYDXCP _dBWX _dCDX _dVVC _dDLC |
||
| 043 | _aa-io--- | ||
| 050 | 0 | 0 |
_aJQ776 _b.C37 2010 |
| 082 | 0 | 0 |
_a320.9598 _222 _bCAR |
| 100 | 1 |
_aCarnegie, Paul J. _921432 |
|
| 245 | 1 | 4 |
_aThe Road from Authoritarianism to Democratization in Indonesia / _cPaul J. Carnegie. |
| 260 |
_aNew York : _bPalgrave Macmillan, 2010 _c2010. |
||
| 300 |
_axx, 171 p. : _bmaps ; _c22 cm. |
||
| 504 | _aIncludes bibliographical references (p. [141]-163) and index. | ||
| 505 | 0 | _aDemocratization and ambiguity -- Democratization and contextual narratives -- Democratization and Politik Aliran -- Democratization and Islamic politics -- Democratization and the middle classes -- Democratization and the party system -- Democratization and decentralization. | |
| 541 | _aDr. Paul Carnegie ; | ||
| 650 | 0 |
_aDemocratization _zIndonesia. _921433 |
|
| 650 | 0 |
_aAuthoritarianism _zIndonesia. _921434 |
|
| 651 | 0 |
_aIndonesia _xPolitics and government _y1998- _921435 |
|
| 942 |
_2ddc _cBB |
||
| 999 |
_c14867 _d14867 |
||